Introduction à l’ étude du Droit (Registro nro. 309993)

Detalles MARC
000 -ENCABEZADO
Número de control [NR] 02340nam a2200289Ia 4500
005 - FECHA Y HORA DE LA ÚLTIMA TRANSACCIÓN
control field 20180531081609.0
008 - DE LONGITUD FIJA DE DATOS DE ELEMENTOS - INFORMACIÓN GENERAL
Elementos de longitud fija [NR] 130821s1931 fr fr 1 fre
040 ## - FUENTE DE CATALOGACION [NR]
Agencia de catalogación original [NR] Co-BoUCM
Idioma de catalogación [NR] spa
Quien Cataloga Sandra Yazo
Quien Clasifica Sandra Yazo
041 0# - CODIGO DE IDIOMA [R]
Código de idioma para texto/pista de sonido o título separado [R] Francés
082 04 - NUMERO DE CLASIFICACION DECIMAL DEWEY [R]
Número de clasificación [R] 340.1
Número de la edición [NR] 20
092 ## - SIGNATURA TOPOGRAFICA LOCAL
Número de clasificación local E46N065
100 1# - ASIENTO PRINCIPAL--NOMBRE PERSONAL [NR]
Nombre personal [NR] Bonnecase, Julien
Fechas asociadas con el nombre [NR] 1878-
ID Autoridad 92689
242 00 - TRADUCCION DEL TITULO POR LA AGENCIA CATALOGADORA [R]
Título [NR] Introducción al estudio del Derecho
Mención de responsabilidad, etc. [NR] Destinado especialmente a los estudiantes del primer año de carrera en las Facultades de Derecho. Nociones elementales científicas, técnicas, pedagógicas y bibliográficas
Nombre de la parte o sección [R] spa
245 10 - MENCION DE TITULO [NR]
Título [NR] Introduction à l’ étude du Droit
Parte restante del título [NR] Plus spécialement destinée aux étudiants de première année de licence des Facultés de Droit. Notions élémentaires scientifiques, techniques, pédagogiques et bibliographiques
260 ## - PUBLICACION, DISTRIBUCION, ETC. (PIE DE IMPRENTA) [R]
Lugar de publicación, distribución, etc. [R] París (Francia)
Nombre del editor, distribuidor, etc. [R] Librairie du Recueil Sirey ; Imprimerie Cadoret [Librería de Recopilaciones Sirey ; Imprenta Cadoret]
Fecha de publicación, distribución, etc. [R] 1931
300 ## - DESCRIPCION FISICA [R]
Extensión [R] 398 páginas
Dimensiones [R] 21 x 14 cm.
500 ## - NOTA GENERAL [R]
Nota general [NR] Detalles físicos: Encuadernación rígida (holandesa) en cartón duro forrado en papel jaspeado. Lomo de tela texturizada con adornos en dorado. Guardas. Hoja de cortesía. Anteportada. Portada impresa en una sola tinta. Texto impreso en una sola columna, con diferentes tipos y tamaños de letra. Párrafos numerados. Márgenes amplios. Notas de pie de página. Índice. Tapas con esquinas dobladas y rotas, bordes con raspaduras
505 0# - NOTA DE CONTENIDO CON FORMATO PREESTABLECIDO [R]
Nota de contenido con formato preestablecido [NR] Qué es el derecho ; Necesidad y dificultad de una respuesta precisa ; Razón de ser y propósito de todo derecho ; El derecho y la armonía ; Derecho y vida en sociedad ; El Derecho desde el punto de vista lógico y material ; Normas de derecho e instituciones jurídicas: clasificación ; Ramas del derecho ; Aplicación concreta de las normas del derecho y las instituciones jurídicas en los hechos y actuaciones jurídicos ; Fuentes formales de las normas de derecho y de las instituciones jurídicas ; Fuentes reales de normas e instituciones: elementos de fondo
506 ## - NOTA DE RESTRICCIONES DE ACCESO [R]
Condiciones de acceso [NR] Consulta en sala
546 ## - NOTA DE IDIOMA [R]
Nota de idioma [NR] Texto en francés
650 #7 - ASIENTO SECUNDARIO DE MATERIA - TERMINO TEMATICO [R]
Término temático o nombre geográfico como elemento de entrada [NR] Filosofía del derecho
9 (RLIN) 15792
650 #7 - ASIENTO SECUNDARIO DE MATERIA - TERMINO TEMATICO [R]
Término temático o nombre geográfico como elemento de entrada [NR] Derecho
9 (RLIN) 12854
Subdivisión general [R] Historia
650 #7 - ASIENTO SECUNDARIO DE MATERIA - TERMINO TEMATICO [R]
Término temático o nombre geográfico como elemento de entrada [NR] Derecho
Subdivisión general [R] Enseñanza
9 (RLIN) 80454
650 #7 - ASIENTO SECUNDARIO DE MATERIA - TERMINO TEMATICO [R]
Término temático o nombre geográfico como elemento de entrada [NR] Teoría del derecho
9 (RLIN) 25308
690 ## - ASUNTO AGREGADO LOCAL DE ENTRADA - TÉRMINO TEMÁTICO (OCLC, RLIN)
Acceso temático local Derecho civil
9 (RLIN) 12711
942 ## - ELEMENTOS DE ENTRADA AGREGADOS (KOHA)
Tipo de ítem principal el descrito en 300a Libro
Edición 1
Título oculto en OPAC No
Sistema de clasificación LOCAL
Clasificación E46N065
Existencias
Suprimido Perdido Sistema de clasificación Dañado No prestable Tipo de ítem específico Ubicación habitual Ubicación actual Localización Fecha de creación Forma de adquisición Costo Total préstamos Signatura topográfica Código de barras Última vez visto Ejemplar Price effective from Tipo de ítem
    LOCAL     Libro archivo Archivo Histórico Archivo Histórico Archivo histórico 31/05/2018 Donación 0.00   E46N065 L006621 31/05/2018 Ej.1 31/05/2018 Libro